00147nam a2200061Ia 4500008004100000100001500041245002900056120527s9999 xx 000 0 und d aCharon, M. aThe meaning of sociology